000 00424caa a22001692a 4500
001 002795
003 AR-FADEU
008 311216n############xxu####################dd
092 _aPP(362.4)BOL
245 _bDeclaración de Montreal sobre la Discapacidad Intelectual
245 _aBoletín Informativo
300 _a3-5
440 _n31
260 _cago. 2005
650 _aDISCAPACIDAD INTELECTUAL
942 _cPPGR
999 _c5573
_d5573